| 000 | 00526cam a22001577a 4500 | ||
|---|---|---|---|
| 008 | 180718b2000 xxu||||| |||| 00| 0 eng d | ||
| 082 | _aAPPPA 99-2000 PUR/24 | ||
| 100 | _aPuri, D.M. | ||
| 245 |
_aOverview of budgeting in ordnance factories _cby D.M. Puri |
||
| 260 |
_aNew Delhi _bIndian Institute of Public Administration _c2000 |
||
| 300 | _a92p. | ||
| 500 | _aAn APPPA M.Phil. dissertation, 99-2000 (Guide: A. Sarada) | ||
| 650 | _aAPPPA | ||
| 650 | _aAppropriations and expenditures | ||
| 650 | _aOrdnance - Manufacture | ||
| 999 |
_c489436 _d489436 |
||